| 000 | 00679nam a2200217Ia 4500 | ||
|---|---|---|---|
| 003 | GCL | ||
| 008 | 140319s9999 xx 000 0 ara d | ||
| 040 |
_aGCL / _cGCL |
||
| 082 | 0 | 4 |
_a158.1 _bس ع |
| 100 | 1 | _aسمير شيخانى | |
| 245 | 1 | 0 |
_aعلم النفس فى حياتنا اليومية / _cسمير شيخانى |
| 250 | _aالسابعة | ||
| 260 |
_aبيروت : _bدار الافاق الجديدة ، _c1988 |
||
| 300 |
_a284 ص ؛ _c24 سم |
||
| 650 | 0 | 4 | _aعلم النفس |
| 650 | 0 | 4 | _aالخوف |
| 650 | 0 | 4 | _aالاختبارات النفسية |
| 650 | 0 | 4 | _aالقلق (علم نفس) |
| 650 | 0 | 4 | _aالوسواس القهرى |
| 942 |
_2ddc _cBK |
||
| 999 |
_c55176 _d55176 |
||